Регионална библиотека "Любен Каравелов" - Русе

Да (Запис номер 135118)

MARC детайли
000 -Лидер
Контролно поле с фиксирана дължина 01178nam a2200313 c 4500
003 - Код на организацията, давaща контролен номер
Контролно поле BLK
005 - Дата и час на последна редакция
Контролно поле 20250721112752.0
008 - Елементи от данни с фиксирана дължина
fixed length control field 180409b bul|||||r ||||||| ||bul||
010 ## - Наследен системен номер
LC control number KNG00141040000
020 ## - Международен стандартен номер на книга ISBN
Международен стандартен номер на книга ISBN 978-954-28-0910-4
-- издат.: Сиела Софт енд Паблишинг
040 ## - Източник на каталожния запис
Идентификатор на билиотеката - собственик на записа BLK
041 ## - Код за език
Код за езика на текст/звукозапис или на отделно заглавие Български
Код за езика КДБФ Български
072 #7 - Код за тематичната категория
Код организация bullib
Код за тематична категория Н84
Текст Българска художествена литература Н
080 ## - УДК
Текстов определител УДК Българска литература
УДК код - определител по УДК 821.163.2
УДК определител -31
УДК - код + определител 821.163.2-31
100 1# - Редна дума - Автор
Автор Табаков, Николай Филипов
Авторска отговорност първи автор
R(LIN) 266861
139 ## - Редно поле
Редна дума Табаков, Николай Филипов
Авторски знак Та - Т 12
245 10 - Сведения за заглавието
Заглавие Да
Редно поле (дума) Николай Филипов Табаков.
257 ## - Страна на издаване
Страна на създаване/издаване България
260 ## - Област на издателските данни
-- София
Име на издателя, разпространителя и проч. Сиела Софт енд Паблишинг
Година на издаване 2011
Печатница София : Вулкан
300 ## - Физическа характеристика
Страници 367 с.
Размери/Мащаб 21 см
380 ## - Жанр
Жанр Худож. лит.
659 ## - Тематичен бюлетин
Тематичен бюлетин Н
852 ## - Местоположение
Форматна сигнатура Цб 258860
856 4# - Електронен адрес и достъп
Електронен формат pdf - файл
Път до файла /url/
856 4# - Електронен адрес и достъп
Електронен формат pdf - файл
Път до файла /url/
942 ## - АРТИКУЛИ
Вид на библиотечния материал Книги
Скрит в OPAC Не
Koha issues (borrowed), all copies 17
944 ## - СЪЗДАВАНЕ И РЕДАКЦИЯ на ЗАПИСА
Създаване/Редакция Създаване
Дата на регистрацията/редакция 19.03.2013
Служител, извършил регистрацията/редакцията 30535
Статус, дата на статуса Христина Везирева
944 ## - СЪЗДАВАНЕ И РЕДАКЦИЯ на ЗАПИСА
Създаване/Редакция Редакция
Дата на регистрацията/редакция 18.08.2016
Служител, извършил регистрацията/редакцията Виолета_Тройчева
999 ## - СИСТЕМНИ КОНТРОЛНИ НОМЕРА
Koha biblionumber 135118
Koha biblioitemnumber 135118
Наличности
Код за отписване Код за изгубен артикул Код за повреда Коз за рестрикции Код за отдаване Артикулен № Име на библиотеката - собственик Име на библиотеката, в която се намира в момента Статус (Текущо местоположение) Дата на вписване в системата Местоположение - отдел Цена в лева Инвентарен номер Систематично азбучна сигнатура Баркод Номер на екземпляра Цена в евро Служебна бележка Служебен тип на артикула Източник на класификационната схема
  Не е изгубен Не е повреден без рестрикции ползва се в читалня 220921 Регионална библиотека "Любен Каравелов" Русе Регионална библиотека "Любен Каравелов" Русе Хранилище 2013-03-15 Хранилище 15.00 120000765174 Цб 258860 120000765174 1 7.67 Дост: Dp Вид: Д N: 47 Дата: 14.11.2011 Книги  
  Не е изгубен Не е повреден без рестрикции заемане за дома 680027 Регионална библиотека "Любен Каравелов" Русе Регионална библиотека "Любен Каравелов" Русе Заемна - подръчен фонд 2018-08-31 Заемна - подръчен фонд 1.17 120000822928 П 886.7-31/Т 12 120000822928 2 0.60   Книги Universal Decimal Classification
Vip Innovations Ltd, Rousse, Bulgaria 2025